| 000 | 00619nam a22002177a 4500 | ||
|---|---|---|---|
| 001 | 51454 | ||
| 003 | BD-RjUL | ||
| 005 | 20211209075650.0 | ||
| 008 | 160831s19861977ii a|||| |||| 00| 0 eng d | ||
| 035 | _a(BD-RjUL)51574 | ||
| 040 |
_aBD-RjUL _beng _cBD-RjUL _dBD-RjUL |
||
| 041 | _aeng | ||
| 082 |
_223 _a338.5 _bJHM 1986 |
||
| 100 |
_aJhingan, M. L. _9153882 |
||
| 245 |
_aMicroeconomic Theory / _cM. L. Jhingan |
||
| 250 | _a1st ed & 4th Rev. | ||
| 260 |
_aNew Delhi : _bKonark Publication, _c1977, [4th Revised 1986] |
||
| 300 |
_axv, 784 p. : _bill ; _c24 cm. |
||
| 650 |
_aMicroeconomics. _9153883 |
||
| 942 |
_2ddc _cBK |
||
| 999 |
_c51454 _d51454 |
||